000 00759nam a2200229 i 4500
001 61221
003 ES-MaACL
005 20250822062545.0
007 t|
008 031111s1962 sp ||||1| spa d
100 1 _aEysenck, Hans Jurgen.
_948453
245 1 0 _aEnigmas de la psicología /
_cH.J. Eysenck ; [versión española de Alfonso Álvarez Villar].
260 _aMadrid :
_bMorata,
_c[1962]
300 _a2 v. ;
_c22 cm.
490 1 _aColección ágata
505 0 _aI. Las fronteras del conocimiento (167 p.) - II. Personalidad y vida social (189 p.)
650 0 7 _aPsicología
_2embne
_916540
700 1 _aAlvarez Villar, Alfonso.
_920998
830 1 _aColección ágata
_9185360
852 _aES-MaACL
_jE-4364-65
999 _c61221
_d61221